Makroekonomické minimum manažera
Makroekonomika z pohľadu globálnej firmy. Základné makroekonomické oblasti v ktorých sa predpokladá vplyv na mikrosféru. Sledovanie základných makroekonomických ukazovateľov, ich vplyv na firmu a reakcie manažmentu.
Gespeichert in:
| 1. Verfasser: | |
|---|---|
| Format: | Buchkapitel |
| Sprache: | Tschechisch |
| Schlagworte: | |
| Tags: |
Keine Tags, Fügen Sie das erste Tag hinzu!
|
MARC
| LEADER | 00000naa a2200000 4500 | ||
|---|---|---|---|
| 001 | r045355 | ||
| 005 | 20231002103917.1 | ||
| 041 | 0 | |a cze | |
| 044 | |a CZ | ||
| 245 | 1 | 0 | |a Makroekonomické minimum manažera |c Vít Chlebovský |
| 520 | |a Makroekonomika z pohľadu globálnej firmy. Základné makroekonomické oblasti v ktorých sa predpokladá vplyv na mikrosféru. Sledovanie základných makroekonomických ukazovateľov, ich vplyv na firmu a reakcie manažmentu. | ||
| 610 | 2 | 0 | |a riadenie podnikové |
| 610 | 2 | 0 | |a riadenie podľa cieľov |
| 610 | 2 | 0 | |a makroekonomika |
| 610 | 2 | 0 | |a mikroekonomika |
| 610 | 2 | 0 | |a manažéri |
| 610 | 2 | 0 | |a trh kapitálový |
| 610 | 2 | 0 | |a politika hospodárska |
| 610 | 2 | 0 | |a ukazovatele makroekonomické |
| 610 | 2 | 0 | |a manažment |
| 100 | 1 | |a Chlebovský, Vít | |